Il prigioniero di Falconer /

Uloženo v:
Podrobná bibliografie
Hlavní autor: Cheever, John (Autor)
Další autoři: Capriolo, Ettore, (1926-2013)
Médium: Kniha
Jazyk:italština
Vydáno: Milano : Garzanti, 1978
Edice:Narratori moderni
Tagy: Přidat tag
Žádné tagy, Buďte první, kdo vytvoří štítek k tomuto záznamu!

MARC

LEADER 00000nam a22000007i 4500
001 IT\ICCU\RAV\0110317
003 ItRI
005 20260214175130.0
008 900919s1978 it |||||| ||||| |||||c
015 |2 IT  |a 79-9076 
040 |b ita  |c CT 
041 7 |a ita  |2 ISO-639-2 
082 |a 823.9  |2 18 
100 1 |a Cheever, John  |0 IT\ICCU\CFIV\026895  |4 aut 
240 1 0 |a Falconer  |9 Cheever, John 
245 1 3 |a Il prigioniero di Falconer /  |c John Cheever. 
260 |a Milano :  |b Garzanti,  |c 1978 
300 |a 185 p. ;  |c 22 cm 
500 |a Trad. di Ettore Capriolo. 
700 1 |a Capriolo, Ettore,  |d  (1926-2013)  |0 IT\ICCU\CFIV\014193 
830 0 |a Narratori moderni  |0 IT\ICCU\CFI\0000081 
942 |2 ddc  |c BK 
952 |0 0  |1 0  |2 ddc  |4 0  |6 823_900000000000000_CHE_PRI  |7 1  |9 2052  |a GE  |b GE  |d 2024-09-27  |l 0  |o 823.9 CHE PRI  |p 1246  |r 2024-09-27 22:48:43  |w 2024-09-27  |x Donazione di Alvaro Bazzano (n. 304)  |y BK  |z Donazione AB 
952 |0 0  |1 0  |2 ddc  |4 0  |6 823_900000000000000_CHE_PRI  |7 0  |9 4214  |a AN  |b AN  |d 2025-05-04  |l 0  |o 823.9 CHE PRI  |p 11391  |r 2025-05-04 16:20:19  |w 2025-05-04  |y BK 
952 |0 0  |1 0  |4 0  |6 DOC_813_540000000000000_CHE  |7 0  |9 23914  |a BO  |b BO  |d 2026-01-15  |i 372  |l 0  |o DOC 813.54 CHE  |p BO372  |r 2026-01-15 23:23:15  |w 2026-01-15  |x [Sebina 5] [1 v.]  |y BK  |z 1 v. 
999 |c 1797  |d 1797